Die 25 höchsten Schweizer Alpenpässe - Statistiken

Allgemein
  • Dieses Quiz wurde 66 mal gespielt
  • Das Durchschnittsergebnis liegt bei 11 aus 25
Antwortstatistiken
Passhöhe m.ü.M. Kanton / Land Antwort % Korrekt
2107 TI UR St. Gotthard / Passo del San Gottardo
93%
2480 VS TI Nufenen / Passo della Novena
73%
2429 UR VS Furka
63%
2224 BE UR Susten
60%
2284 GR Julier / Pass dal Güglia / Pass digl Gelgia / Passo del Giulia
57%
2312 GR Albula / Pass d‘Alvra
53%
2164 BE VS Grimsel
53%
2044 GR UR Oberalp / Cuolm d‘Ursera (Alpsu)
50%
2006 VS Simplon / Passo del Sempione
50%
2328 GR Bernina / Pass dal Bernina / Passo del Bernina
47%
2382 GR Flüela
47%
2469 VS IT Grosser St. Bernhard / Colle del Gran San Bernardo / Col du Grand Saint-Bernard
47%
1917 GR TI Lukmanier / Cuolm Lucmagn, Pass dil Lucmagn / Passo de Lucomagno
47%
2067 GR San Bernardino / Pass dal Sogn Bernardin / Passo del San Bernardino
47%
2114 GR IT Splügen / Pass dal Spleia / Passo dello Spluga
43%
2501 GR IT Umbrail / Giogo di Santa Maria
43%
1948 UR GL Klausen
40%
2148 GR Ofen / Pass dal Fuorn
40%
1962 BE Grosse Scheidegg
33%
2314 GR IT Forcola di Livigno
23%
2253 VS Sanetsch / Col du Sénin
20%
2174 VS Croix de Coeur
10%
1843 GR Glas / Tavellas
10%
1965 VS Gueulaz
0%
1949 BE Hahnenmoos
0%
Keine übereinstimmenden Quizze gefunden
Verteilung der Resultate
Anzahl Personen mit jedem Resultat
Perzentil nach korrekt beantworteten Fragen
Ihre Resultats-Entwicklung
Sie haben dieses Quiz noch nicht gespielt